000
00292nam a2200109Ia 4500
008
200302s9999 xx 000 0 und d
100
_a
Keith Williams
245
_a
Master Architect Series- Architectue Of The Specific
260
_b
Images Publishing, Austraila
260
_c
2009
300
_a
224
999
_c
4555
_d
4555